Spokojnosť zákazníkov bakalárska práca

Salvato in:
Dettagli Bibliografici
Autore principale: Némethová, Anikó
Ente Autore: Obchodná fakulta EU. Katedra marketingu
Altri autori: Vokounová, Dana, 1962-
Natura: Libro
Lingua:slovacco
Pubblicazione: Bratislava 2018
Tags: Aggiungi Tag
Nessun Tag, puoi essere il primo ad aggiungerne!!

MARC

LEADER 00000nbm a2200000 4500
001 0245091
005 20180815090721.1
041 0 |a slo 
044 |a SK 
245 1 0 |a Spokojnosť zákazníkov  |b bakalárska práca  |c Anikó Némethová ; školiteľ: Dana Vokounová 
264 1 |a Bratislava  |c 2018 
300 |a 35 s. 
100 1 |a Némethová, Anikó 
700 1 |a Vokounová, Dana, 1962- 
710 2 |a Obchodná fakulta EU. Katedra marketingu